[Event "URU-ch sf"]
[Site "Montevideo"]
[Date "2024.02.12"]
[Round "6"]
[White "Saralegui Cassan, Mario"]
[Black "Rodriguez Buela, Martin"]
[Result "1-0"]
[WhiteElo "1994"]
[BlackElo "1898"]
[PlyCount "127"]
[EventDate "2024.02.09"]
[EventType "swiss"]
[EventRounds "7"]
[EventCountry "URU"]
[SourceTitle "CB08_2024"]
[SourceDate "2024.02.21"]
[SourceVersion "1"]
[SourceVersionDate "2024.02.21"]
[SourceQuality "1"]

1. d4 e6 2. c4 Bb4+ 3. Bd2 a5 4. Nf3 Nf6 5. g3 b6 6. Bg2 Bb7 7. 0-0 0-0 8. Bf4 Be7 9. Nc3 Ne4 10. Qc2 Nxc3 11. bxc3 f5 12. d5 Qc8 13. Rad1 Na6 14. Nd4 Nc5 15. Nb5 d6 16. Be3 e5 17. Bxc5 bxc5 18. Rb1 Qd7 19. Rb2 Bc8 20. Rfb1 g5 21. Na3 Ba6 22. Nb5 Bc8 23. e3 Qd8 24. Rf1 Rf7 25. f3 h5 26. Bh3 g4 27. fxg4 hxg4 28. Bxg4 fxg4 29. Rxf7 Kxf7 30. Qh7+ Ke8 31. Rf2 Rb8 32. Rf7 Rb7 33. Qg6 Kd7 34. Rh7 Qf8 35. Rf7 Qe8 36. Qh7 a4 37. a3 c6 38. dxc6+ Kxc6 39. Rf1 Kb6 40. Rb1 Ka5 41. Qe4 Qd7 42. Rb2 Qf5 43. Qc6 Qd7 44. Qd5 Rb6 45. Qa8+ Ra6 46. Qb8 Rb6 47. Qa8+ Ra6 48. Qb8 Qb7 49. Nc7 Qxb8 50. Rxb8 Rb6 51. Rxc8 Rb1+ 52. Kf2 Rb2+ 53. Ke1 Rb7 54. Nd5 Ra7 55. Rg8 Ka6 56. Rxg4 Bd8 57. Rg6 Rd7 58. h4 Kb7 59. h5 Rh7 60. h6 Kc6 61. Ke2 Ba5 62. g4 Bd8 63. g5 Bxg5 64. Rg7 1-0

[Event "Montevideo Duchamp Cup 7th"]
[Site "Montevideo"]
[Date "2024.02.06"]
[Round "6"]
[White "Rodriguez Buela, Martin"]
[Black "Morales Mazzone, Leandro"]
[Result "1-0"]
[WhiteElo "1898"]
[BlackElo "1617"]
[PlyCount "73"]
[EventDate "2024.02.01"]
[EventType "swiss"]
[EventRounds "9"]
[EventCountry "URU"]
[SourceTitle "CB07_2024"]
[SourceDate "2024.02.14"]
[SourceVersion "1"]
[SourceVersionDate "2024.02.14"]
[SourceQuality "1"]

1. d4 c5 2. d5 Nf6 3. c4 e6 4. Nc3 exd5 5. cxd5 d6 6. e4 g6 7. Nge2 Bg7 8. Ng3 0-0 9. Be2 Re8 10. 0-0 Nbd7 11. h3 a6 12. a4 Rb8 13. Bg5 h6 14. Be3 Kh7 15. Qc2 b6 16. Rad1 Qe7 17. Rfe1 Bb7 18. f4 Rec8 19. Bc4 Ne8 20. e5 dxe5 21. f5 Nd6 22. Bd3 e4 23. Ncxe4 c4 24. Bf1 Nf6 25. fxg6+ fxg6 26. Bf4 Nfxe4 27. Nxe4 Nxe4 28. Rxe4 Qc5+ 29. Be3 Qb4 30. Re6 Qxb2 31. Qxg6+ Kh8 32. Bxh6 Bd4+ 33. Rxd4 Qxd4+ 34. Be3 Qg7 35. Qh5+ Kg8 36. Rg6 Qxg6 37. Qxg6+ 1-0

[Event "Montevideo Duchamp Cup 7th"]
[Site "Montevideo"]
[Date "2024.02.04"]
[Round "4"]
[White "Rodriguez Buela, Martin"]
[Black "Acosta, Pablo Ismael"]
[Result "0-1"]
[WhiteElo "1898"]
[BlackElo "2479"]
[PlyCount "78"]
[EventDate "2024.02.01"]
[EventType "swiss"]
[EventRounds "9"]
[EventCountry "URU"]
[SourceTitle "CB07_2024"]
[SourceDate "2024.02.14"]
[SourceVersion "1"]
[SourceVersionDate "2024.02.14"]
[SourceQuality "1"]

1. d4 Nf6 2. c4 g6 3. g3 Bg7 4. Bg2 d6 5. Nc3 0-0 6. Nf3 Nbd7 7. 0-0 e5 8. e4 c6 9. h3 Qb6 10. c5 dxc5 11. dxe5 Ne8 12. e6 fxe6 13. Ng5 Ne5 14. f4 c4+ 15. Kh2 h6 16. fxe5 Rxf1 17. Qxf1 hxg5 18. Qe2 Bxe5 19. Bxg5 Qc7 20. Qf3 Qf7 21. Qe2 b5 22. Rf1 Qg7 23. Qe3 Kh7 24. Bf4 Bd4 25. Qd2 e5 26. Be3 Be6 27. Ne2 Bxe3 28. Qxe3 Rd8 29. Nc1 Rd4 30. Rf2 Qh6 31. Qxh6+ Kxh6 32. Rc2 Nd6 33. Ne2 Rd3 34. Kg1 b4 35. Kf2 Nb5 36. Bf1 Rd1 37. h4 g5 38. hxg5+ Kxg5 39. Rc1 Rd2 0-1

[Event "Montevideo Duchamp Cup 7th"]
[Site "Montevideo"]
[Date "2024.02.01"]
[Round "1"]
[White "Borgiani, Francisco"]
[Black "Rodriguez Buela, Martin"]
[Result "0-1"]
[WhiteElo "1524"]
[BlackElo "1898"]
[PlyCount "72"]
[EventDate "2024.02.01"]
[EventType "swiss"]
[EventRounds "9"]
[EventCountry "URU"]
[SourceTitle "CB07_2024"]
[SourceDate "2024.02.14"]
[SourceVersion "1"]
[SourceVersionDate "2024.02.14"]
[SourceQuality "1"]

1. e4 d6 2. d4 Nf6 3. Nc3 Nbd7 4. Nf3 e5 5. dxe5 dxe5 6. Bc4 Be7 7. 0-0 0-0 8. Qe2 c6 9. Rd1 Qc7 10. a4 h6 11. h3 a5 12. Be3 Nc5 13. Bxc5 Bxc5 14. Ne1 Re8 15. Nd3 Bd4 16. Nb1 Be6 17. Bxe6 Rxe6 18. Na3 Nd7 19. c3 Ba7 20. b4 Rf6 21. Nc2 Nf8 22. Ne3 Ng6 23. g3 axb4 24. cxb4 Bd4 25. Rac1 Rxa4 26. Nd5 Qd8 27. Nxf6+ Qxf6 28. Qg4 Ne7 29. Kg2 Ra2 30. Qf3 Qg6 31. Re1 f5 32. Re2 Rxe2 33. Qxe2 fxe4 34. Nc5 e3 35. fxe3 Nf5 36. Qf3 Nh4+ 0-1

[Event "Montevideo op"]
[Site "Montevideo"]
[Date "2023.03.22"]
[Round "4"]
[White "Inthamoussu, Marcelo"]
[Black "Rodriguez Buela, Martin"]
[Result "0-1"]
[WhiteElo "1829"]
[BlackElo "1645"]
[PlyCount "74"]
[EventDate "2023.03.01"]
[EventType "swiss"]
[EventRounds "5"]
[EventCountry "URU"]
[SourceTitle "EXT 2024"]
[Source "ChessBase"]
[SourceDate "2023.10.10"]
[SourceVersion "1"]
[SourceVersionDate "2023.10.10"]
[SourceQuality "1"]

1. e4 c6 2. d4 d5 3. f3 dxe4 4. fxe4 e5 5. Nf3 exd4 6. Bc4 Nd7 7. 0-0 Ngf6 8. Ng5 Ne5 9. Bxf7+ Nxf7 10. Nxf7 Kxf7 11. e5 Be7 12. Qh5+ Kg8 13. exf6 Bxf6 14. Nd2 d3 15. cxd3 Qd4+ 16. Kh1 Bg4 17. Qa5 b6 18. Qa3 Be2 19. Qb3+ Qd5 20. Re1 Qxb3 21. axb3 Bxd3 22. Nc4 Bxc4 23. bxc4 Kf7 24. Ra3 a5 25. Be3 b5 26. cxb5 cxb5 27. Bb6 a4 28. b4 Rhe8 29. Rd1 Re4 30. Bc5 Rae8 31. Kg1 Re1+ 32. Rxe1 Rxe1+ 33. Kf2 Re4 34. Kf3 Rc4 35. Rd3 Rc3 36. Ke4 Rxd3 37. Kxd3 a3 0-1

[Event "Montevideo op"]
[Site "Montevideo"]
[Date "2023.03.08"]
[Round "2"]
[White "Rodriguez Buela, Martin"]
[Black "Pereira, Gerardo"]
[Result "1-0"]
[WhiteElo "1645"]
[BlackElo "1303"]
[PlyCount "77"]
[EventDate "2023.03.01"]
[EventType "swiss"]
[EventRounds "5"]
[EventCountry "URU"]
[SourceTitle "EXT 2024"]
[Source "ChessBase"]
[SourceDate "2023.10.10"]
[SourceVersion "1"]
[SourceVersionDate "2023.10.10"]
[SourceQuality "1"]

1. d4 Nf6 2. c4 e6 3. g3 c6 4. Nf3 h6 5. Bg2 d5 6. Qc2 Nbd7 7. Nbd2 b6 8. 0-0 Bb7 9. e4 Be7 10. e5 Nh7 11. Rd1 Rc8 12. cxd5 cxd5 13. Qd3 Nb8 14. Ne1 Ba6 15. Qe3 Nc6 16. Nf1 Bg5 17. f4 Be7 18. Kh1 Nb4 19. Bd2 Nc2 20. Nxc2 Rxc2 21. Bc3 Re2 22. Qf3 Qd7 23. Ne3 Qb5 24. Bf1 Bb4 25. Bxe2 Qxe2 26. Qxe2 Bxe2 27. Bxb4 Bxd1 28. Nxd1 Kd7 29. Rc1 g5 30. Bd6 Rc8 31. Rxc8 Kxc8 32. Kg2 f6 33. h4 f5 34. Kf3 g4+ 35. Ke3 h5 36. Kd3 Kd7 37. Ba3 Ke8 38. Nc3 a6 39. Na4 1-0

[Event "Montevideo Duchamp Cup 6th"]
[Site "Montevideo"]
[Date "2023.02.10"]
[Round "8"]
[White "Rodriguez Buela, Martin"]
[Black "Torella, Rodolfo"]
[Result "0-1"]
[WhiteElo "1749"]
[BlackElo "2019"]
[PlyCount "92"]
[EventDate "2023.02.03"]
[EventType "swiss"]
[EventRounds "9"]
[EventCountry "URU"]
[SourceTitle "CBM 212 Extra"]
[Source "ChessBase"]
[SourceDate "2023.03.31"]
[SourceVersion "1"]
[SourceVersionDate "2023.03.31"]
[SourceQuality "1"]

1. d4 e6 2. c4 Nf6 3. Nf3 d5 4. g3 c5 5. cxd5 Nxd5 6. Bg2 Nc6 7. 0-0 Be7 8. dxc5 Bxc5 9. a3 a5 10. Qc2 Qe7 11. e4 Nf6 12. e5 Nd5 13. Rd1 h6 14. Nc3 Nxc3 15. Qxc3 0-0 16. Be3 Bxe3 17. Qxe3 a4 18. Nd4 Na5 19. Rac1 Ra6 20. Nb5 Rd8 21. Rxd8+ Qxd8 22. Nc7 Nb3 23. Nxa6 Nxc1 24. Qxc1 bxa6 25. Bc6 Qc7 26. Qc3 Bd7 27. Bxd7 Qxd7 28. Qc4 a5 29. Qc3 Qd1+ 30. Kg2 Qd5+ 31. Kg1 g5 32. Qc2 Qd4 33. Qc3 Qd1+ 34. Kg2 Qd5+ 35. Kg1 Kg7 36. h3 h5 37. Qe3 Kg6 38. f3 Qd1+ 39. Kf2 Qc2+ 40. Qe2 Qxe2+ 41. Kxe2 Kf5 42. Kd3 Kxe5 43. Kc4 f5 44. Kb5 Kd4 45. Kxa4 e5 46. Kxa5 e4 0-1

[Event "Montevideo Duchamp Cup 6th"]
[Site "Montevideo"]
[Date "2023.02.08"]
[Round "6"]
[White "Rodriguez Buela, Martin"]
[Black "Gonzalez Valenzuela, Federico"]
[Result "1/2-1/2"]
[WhiteElo "1749"]
[BlackElo "1508"]
[PlyCount "36"]
[EventDate "2023.02.03"]
[EventType "swiss"]
[EventRounds "9"]
[EventCountry "URU"]
[SourceTitle "CBM 212 Extra"]
[Source "ChessBase"]
[SourceDate "2023.03.31"]
[SourceVersion "1"]
[SourceVersionDate "2023.03.31"]
[SourceQuality "1"]

1. d4 e6 2. g3 f5 3. Bg2 Nf6 4. Nh3 Be7 5. 0-0 0-0 6. c4 d5 7. b3 c5 8. cxd5 Nxd5 9. Bb2 Bf6 10. Qd2 cxd4 11. Bxd4 Nc6 12. Bxf6 Qxf6 13. Na3 Rd8 14. Rfc1 Qd4 15. Qxd4 Nxd4 16. Kf1 Nc6 17. e4 fxe4 18. Bxe4 Bd7 1/2-1/2

[Event "Montevideo La Proa 1800+ op"]
[Site "Montevideo"]
[Date "2022.04.09"]
[Round "1"]
[White "Avedisian, Alexander"]
[Black "Rodriguez Buela, Martin"]
[Result "0-1"]
[WhiteElo "1902"]
[BlackElo "1659"]
[PlyCount "76"]
[EventDate "2022.04.09"]
[EventType "swiss"]
[EventRounds "5"]
[EventCountry "URU"]
[SourceTitle "EXT 2023"]
[Source "ChessBase"]
[SourceDate "2022.10.05"]
[SourceVersion "1"]
[SourceVersionDate "2022.10.05"]
[SourceQuality "1"]

1. Nf3 Nf6 2. g3 g6 3. Bg2 Bg7 4. 0-0 0-0 5. c4 c6 6. Nc3 d5 7. d4 Bf5 8. Qb3 Qb6 9. Nh4 Qxb3 10. axb3 Be6 11. cxd5 Bxd5 12. Nxd5 cxd5 13. Bg5 e6 14. Nf3 Ne4 15. Bf4 Nc6 16. e3 Rfc8 17. Rfc1 a6 18. Ng5 Nd2 19. Rc3 h6 20. Nf3 Ne4 21. Rcc1 g5 22. Be5 f6 23. Bh3 Kf7 24. Rf1 fxe5 25. Nxe5+ Nxe5 26. dxe5 Bxe5 27. f4 gxf4 28. exf4 Bd4+ 29. Kh1 Rc2 30. Bg2 Nf2+ 31. Kg1 Ng4+ 32. Kh1 Ne3 33. Rg1 Nxg2 34. Rxg2 Rac8 35. Rd1 Rxg2 36. Kxg2 Bxb2 37. f5 Rc2+ 38. Kh3 d4 0-1

[Event "Montevideo La Proa 1800+ op"]
[Site "Montevideo"]
[Date "2022.04.09"]
[Round "2"]
[White "Quevedo, Andreina"]
[Black "Rodriguez Buela, Martin"]
[Result "1/2-1/2"]
[WhiteElo "1838"]
[BlackElo "1659"]
[PlyCount "70"]
[EventDate "2022.04.09"]
[EventType "swiss"]
[EventRounds "5"]
[EventCountry "URU"]
[SourceTitle "EXT 2023"]
[Source "ChessBase"]
[SourceDate "2022.10.05"]
[SourceVersion "1"]
[SourceVersionDate "2022.10.05"]
[SourceQuality "1"]

1. e4 e6 2. d4 d5 3. Nd2 dxe4 4. Nxe4 Nd7 5. Nf3 Ngf6 6. Bg5 Be7 7. Nxf6+ Bxf6 8. Bxf6 Qxf6 9. c3 0-0 10. Bd3 e5 11. dxe5 Nxe5 12. Nxe5 Qxe5+ 13. Qe2 Qxe2+ 14. Kxe2 Re8+ 15. Kd2 Bd7 16. Rhe1 Bc6 17. f3 g6 18. b4 Rxe1 19. Rxe1 Re8 20. Rxe8+ Bxe8 21. Be4 b6 22. g4 Kf8 23. g5 Ke7 24. Ke3 Kd6 25. h4 c5 26. f4 Bd7 27. h5 Bf5 28. Bxf5 gxf5 29. b5 Kd5 30. Kd3 c4+ 31. Ke3 Kc5 32. a4 Kd6 33. Kf3 Ke6 34. Ke2 Kd6 35. Kd2 Ke6 1/2-1/2

[Event "URU-ch sf"]
[Site "Montevideo"]
[Date "2022.02.28"]
[Round "5"]
[White "Rodriguez Delfino, Tiago"]
[Black "Rodriguez Buela, Martin"]
[Result "1/2-1/2"]
[WhiteElo "1470"]
[BlackElo "1796"]
[PlyCount "21"]
[EventDate "2022.02.26"]
[EventType "swiss"]
[EventRounds "7"]
[EventCountry "URU"]
[SourceTitle "CBM 207 Extra"]
[Source "ChessBase"]
[SourceDate "2022.05.31"]
[SourceVersion "1"]
[SourceVersionDate "2022.05.31"]
[SourceQuality "1"]

1. e4 e6 2. d4 d5 3. exd5 exd5 4. Nf3 Bd6 5. Bd3 Ne7 6. 0-0 Bg4 7. Nbd2 Nbc6 8. c3 Qd7 9. a4 f6 10. Re1 0-0 11. Qc2 1/2-1/2

[Event "URU-ch sf"]
[Site "Montevideo"]
[Date "2022.02.26"]
[Round "2"]
[White "Rodriguez Buela, Martin"]
[Black "Fabra, Nahiara"]
[Result "0-1"]
[WhiteElo "1796"]
[BlackElo "1397"]
[PlyCount "60"]
[EventDate "2022.02.26"]
[EventType "swiss"]
[EventRounds "7"]
[EventCountry "URU"]
[SourceTitle "CBM 207 Extra"]
[Source "ChessBase"]
[SourceDate "2022.05.31"]
[SourceVersion "1"]
[SourceVersionDate "2022.05.31"]
[SourceQuality "1"]

1. d4 d5 2. c4 e6 3. Nf3 Nf6 4. g3 Be7 5. Bg2 Nbd7 6. Qc2 c5 7. cxd5 Nxd5 8. a3 cxd4 9. Nxd4 N7f6 10. 0-0 0-0 11. e4 Nb4 12. axb4 Qxd4 13. Be3 Qxb4 14. Ra4 Qd6 15. Rd1 Qc6 16. Rc4 Qb5 17. Rc7 Qe8 18. e5 Nd5 19. Bxd5 exd5 20. Nc3 Bd8 21. Rc5 Bb6 22. Nxd5 Bxc5 23. Bxc5 Be6 24. Rd4 Rc8 25. Nf6+ gxf6 26. Rh4 f5 27. Qe2 f6 28. Bxf8 Qxf8 29. exf6 Qxf6 30. Qh5 Qg6 0-1